Trends in Malaysia II : Proceedings and background paper
Đã lưu trong:
| Format: | Bog |
|---|---|
| Sprog: | Undetermined |
| Udgivet: |
Singapore
Published by Singapore University Press for ISEAS
1974
|
| Fag: | |
| Tags: |
Tilføj Tag
Ingen Tags, Vær først til at tagge denne postø!
|
| Thư viện lưu trữ: | Trung tâm Học liệu Trường Đại học Cần Thơ |
|---|
| LEADER | 00624nam a2200193Ia 4500 | ||
|---|---|---|---|
| 001 | CTU_90179 | ||
| 008 | 210402s9999 xx 000 0 und d | ||
| 082 | |a 330.9595 | ||
| 082 | |b C514 | ||
| 245 | 0 | |a Trends in Malaysia II : | |
| 245 | 0 | |b Proceedings and background paper | |
| 245 | 0 | |c Edited by Yong Mun Cheong | |
| 260 | |a Singapore | ||
| 260 | |b Published by Singapore University Press for ISEAS | ||
| 260 | |c 1974 | ||
| 650 | |a Malaysia,Malaysia,Malaysia | ||
| 650 | |x Economic conditions,Politics and government.,Social conditions | ||
| 904 | |i Năm,Hải | ||
| 980 | |a Trung tâm Học liệu Trường Đại học Cần Thơ | ||